Cartes du CyBot - Statistiques

Statistiques générales
  • Ce quiz a été pris 4 fois
  • Le résultat moyen est 33 sur 386
Statistiques - réponses
Catégorie Réponse % Correct
Geometry Dash B
75%
Streamer Cyboom
75%
Bêta CyBoom (Beta)
75%
Streamer poly_valentacookie
75%
Streamer *poly_valentacookie*
75%
Bêta poly_valentacookie (Beta)
75%
Niveau Castle of Madness
50%
Ref Darky
50%
Niveau Frozen Eclipse
50%
Jeu Geometry Dash
50%
Streamer Gnomainain
50%
Streamer *Gnomainain*
50%
Streamer HaZeuuX
50%
Streamer IronWish_
50%
Streamer *IronWish_*
50%
Streamer LaCourgette42
50%
Streamer *LaCourgette42*
50%
Bêta LaCourgette42 (Beta)
50%
Harem de Courgette Meiz
50%
Katawa Shoujo Misha
50%
Doki Doki Litterature Club Monika
50%
Doki Doki Litterature Club Natsuki
50%
Streamer natsutv59
50%
Musique Poly donne moi Disney +
50%
Streamer Sady
50%
Doki Doki Litterature Club Sayori
50%
Katawa Shoujo Shizune
50%
Jeu Super Mario Maker 2
50%
Ref Thoms_s02
50%
Doki Doki Litterature Club Yuri
50%
Streamer alexis_shibe
25%
Créateur Babagass
25%
Ref bob
25%
Waifu Bocchi
25%
Waifu *Bocchi*
25%
Lethal Company Bracken
25%
Lethal Company Bunker Spider
25%
Lethal Company Butler
25%
Ref Cirno
25%
Lethal Company Coilhead
25%
Streamer Cokiller001
25%
Streamer *Cokiller001*
25%
Ref Cookie
25%
Streamer Croodi
25%
Streamer *Croodi*
25%
Lethal Company Crying Baby
25%
Ref Drapeau de l'alliance
25%
Lethal Company Earth Leviathan
25%
Streamer elvieuxpec
25%
Katawa Shoujo Emi
25%
Lethal Company Eyeless Dog
25%
Lethal Company Forest Keeper
25%
Jeu Funky Bowling
25%
Streamer Gamours
25%
Streamer Grount
25%
Waifu Guillaume Rey
25%
Katawa Shoujo Hanako
25%
Musique Heaven in my Silence
25%
Geometry Dash Hi
25%
Ref Holo
25%
Ref Hunter Pie
25%
Lethal Company Jester
25%
Lethal Company *Jester*
25%
Ref Karuta
25%
Katawa Shoujo Kenji
25%
Créateur Kinghostacos
25%
Ref L'abeille
25%
Ref Leratelot
25%
Katawa Shoujo Lilly
25%
Ref LOOGUY
25%
Streamer LoupAlphaGivre
25%
Ref Marc.png Docteur
25%
Ref Marc.png Enfant
25%
Ref Megrominus
25%
Shikanoko Nekoyamada
25%
Lethal Company Nutcracker
25%
R.E.P.O. Pepper
25%
Ref Poly Vache
25%
Streamer prof_guillaume
25%
Ref Raccoon
25%
Katawa Shoujo Rin
25%
Lethal Company Robot
25%
R.E.P.O. Rugrat
25%
Streamer sanyx91smm2
25%
Ref Senko
25%
Streamer sharky
25%
Shikanoko Shikanoko
25%
Ref Tableau de Poly
25%
Streamer Terracraft15_
25%
Streamer *Terracraft15_*
25%
Musique The Bad Night
25%
Lethal Company Thumper
25%
Streamer Ticoche
25%
Streamer *Ticoche*
25%
Shikanoko Torako Koshi
25%
Geometry Dash X
25%
Niveau 1-1 but with a twist
0%
Geometry Dash 8o
0%
Geometry Dash Absolute Garbage
0%
Geometry Dash Abyss of Darkness
0%
Geometry Dash Acheron
0%
Geometry Dash Acropolis
0%
Geometry Dash Acu
0%
Geometry Dash Aftermath
0%
Streamer Ailscream51
0%
Geometry Dash Airbone Robots
0%
Ref Anatomie d'Iron
0%
Geometry Dash And Ever
0%
R.E.P.O. Animal
0%
Shikanoko Anko Koshi
0%
R.E.P.O. Apex Predator
0%
Geometry Dash Artificial Ascent
0%
Niveau Art Shuriken
0%
Ref Ashley
0%
Ref *Ashley*
0%
Geometry Dash Ashley Wave Trials
0%
Geometry Dash Astralith
0%
Streamer Aurelleihein
0%
Geometry Dash Avernus
0%
Lethal Company Baboon Hawk
0%
Geometry Dash Back on Dash
0%
Geometry Dash Back on Track
0%
Geometry Dash Backstreet Boy
0%
Streamer baishi
0%
R.E.P.O. Banger
0%
Lethal Company Barber
0%
Geometry Dash Base after Base
0%
Shikanoko Bashame
0%
Ref Belhomme de Franqueville Saim
0%
Geometry Dash Belloq
0%
Geometry Dash Ber Zer Ker
0%
Geometry Dash Black Blizzard
0%
Geometry Dash Blade of Justice
0%
Geometry Dash Blast Processing
0%
Geometry Dash Bloobath
0%
Geometry Dash Bloodlust
0%
Niveau Bombs 5
0%
Geometry Dash Boogie
0%
R.E.P.O. Bowtie
0%
Ref Brian
0%
Geometry Dash Broken Gameboy
0%
Geometry Dash Bussin
0%
Geometry Dash Button Masher
0%
Ref Buzmolcher
0%
Geometry Dash Cant Let Go
0%
Geometry Dash Castlemania
0%
Niveau Castle of Madness 2
0%
Geometry Dash Cataclysm
0%
Geometry Dash Chamber of Time
0%
Geometry Dash Change of Scene
0%
Ref Charline
0%
Geometry Dash Cheat Codes
0%
Ref cheep
0%
R.E.P.O. Chef
0%
Ref Cheveux de Gnomainain
0%
Ref Chuck 2
0%
Lethal Company Circuit Bees
0%
Geometry Dash Citadel
0%
R.E.P.O. Clown
0%
Geometry Dash Clubstep
0%
Geometry Dash Clutterfunk
0%
Geometry Dash Collab Level
0%
Geometry Dash Congregation
0%
Geometry Dash Cosmic Dolphin
0%
Ref Cot-Cot
0%
Geometry Dash Crazy
0%
Geometry Dash Crazy II
0%
Geometry Dash Crazy III
0%
Geometry Dash Crush
0%
Ref Cyboom Jr
0%
Geometry Dash Cycles
0%
Ref DarkyFumo
0%
Geometry Dash Dash
0%
Streamer dbl_420
0%
Geometry Dash Deadlocked
0%
Geometry Dash Death Moon
0%
Geometry Dash Decode
0%
Ref Dessin
0%
Ref Détective HaZeuuX
0%
Geometry Dash Devil Vortex
0%
Ref Dictateur Poly
0%
Streamer DonF_Me
0%
Geometry Dash Dorabae Basic
0%
Geometry Dash Dry Out
0%
Geometry Dash Duckstep
0%
Geometry Dash Duelo Maestro
0%
Ref Dune Luxshon
0%
Niveau eisendrache
0%
Streamer Ekemoon42
0%
Geometry Dash Electrodynamix
0%
Geometry Dash Electroman Adventures
0%
Ref Eliott
0%
Streamer Enimit
0%
Streamer EnrageShark
0%
Geometry Dash Eon
0%
Streamer Eratik
0%
Streamer esaenos
0%
Geometry Dash Fairydust
0%
Ref Faux Kanye West
0%
Streamer FEATOO_TWITCHOO
0%
Ref Feuille de Physique
0%
Streamer Fiamma_TV
0%
Geometry Dash Fingerdash
0%
Geometry Dash Forest Temple
0%
Streamer Froaggy_
0%
Ref Fumo Clicker
0%
Geometry Dash Future Funk
0%
Geometry Dash Future Funk II
0%
Jeu Gartic Phone
0%
Ref Gartic Phone fr
0%
Geometry Dash Geometrical Dominator
0%
Geometry Dash GetHappier
0%
Streamer GitanOfLegend
0%
Ref Gnomception
0%
R.E.P.O. Gnome
0%
Ref Goop
0%
Ref Gorp
0%
R.E.P.O. Hantsman
0%
Ref HaZeuuX Lapin
0%
R.E.P.O. Headman
0%
Geometry Dash Heave Ho
0%
Geometry Dash Hexagon Force
0%
Lethal Company Hording Bug
0%
Geometry Dash How
0%
Geometry Dash Hungry Humphrey
0%
Geometry Dash I see stars
0%
Geometry Dash Ispywithmylittleeye
0%
Streamer Jaguar2kx
0%
Geometry Dash Jawbreaker
0%
Ref Jean-Michel Lechty
0%
Jeu Jetpunk
0%
Streamer joueurauxyeuxrouges
0%
Geometry Dash Jumper
0%
Geometry Dash Kappa Bossfight
0%
Ref Kappinguin
0%
Geometry Dash Killbot
0%
Streamer kimobel
0%
Geometry Dash Kocmoc
0%
Créateur Kylamnos
0%
Geometry Dash Kyouki
0%
Ref L'élu de Merlange
0%
Ref Les Lunettes de Vérité
0%
Streamer LevelKing888
0%
Ref Liam
0%
Geometry Dash Limbo
0%
Streamer Linkdam
0%
Ref LMJ_le_faux
0%
Streamer LMJ_le_vrai
0%
Streamer LordHurTV
0%
Ref Loup de Luxshon
0%
Ref Lyro
0%
Waifu Macedoine du Nord
0%
Geometry Dash Magma Bound
0%
Waifu Major
0%
Ref Maman de Poly
0%
Streamer MannedTooth
0%
Harem de Courgette Maskou
0%
Geometry Dash Mastergame
0%
Streamer Maxime
0%
Streamer MeepleTrix
0%
Ref Meiz on hanté
0%
Ref Meiz Raccoon
0%
R.E.P.O. Mentalist
0%
Ref Midicix
0%
Streamer mikagic80
0%
Geometry Dash Mikumikumikumiku
0%
Streamer MmeLatin
0%
Streamer Mousse
0%
Streamer mr_coco_82
0%
Geometry Dash Mr Crazy Hands
0%
Streamer MrgreggySpike
0%
Streamer Muche
0%
Créateur Myokrom
0%
Geometry Dash Nantendo
0%
Musique Natural Show
0%
Geometry Dash Next Cab Soon
0%
Geometry Dash Nine Circles
0%
Ref Nishika
0%
Streamer noadesaintjak
0%
Geometry Dash Nock Em
0%
Geometry Dash Noel Electra
0%
Geometry Dash Nullscapes
0%
Harem de Courgette Odious
0%
Niveau OSEJ
0%
Geometry Dash Ouroboros
0%
Ref Pablo
0%
Geometry Dash Peaceful
0%
Ref Pépin
0%
Lethal Company Petite fille
0%
Geometry Dash Phobos
0%
Streamer PixLyro
0%
Ref Poivron
0%
Geometry Dash Polargeist
0%
Niveau Polo ft Laupok War Zone : Berk
0%
Ref PoLuigi
0%
Ref Poulie Poulet Poly_valentacookie
0%
Geometry Dash Power Trip
0%
Geometry Dash Press Start
0%
Geometry Dash Problematic
0%
Geometry Dash Quebrantar
0%
Streamer racaille
0%
Geometry Dash Rage Quit
0%
R.E.P.O. Reaper
0%
Geometry Dash Retray
0%
Ref Rimu (CyBoom)
0%
Ref Rimu (poly)
0%
Streamer rndm_cat
0%
R.E.P.O. Robe
0%
Célébrité Robtop
0%
Célébrité Ruby
0%
Geometry Dash Ruins
0%
Geometry Dash Ruta del Sol
0%
Geometry Dash Sakupen Hell
0%
Streamer Sally Amethystia
0%
Ref Salon de Beauté
0%
Niveau Sanyx's the XTREM 80 TSJ
0%
Streamer Satoshi_H
0%
Streamer sebouille89
0%
R.E.P.O. Shadow Child
0%
Geometry Dash Silent Clubstep
0%
Geometry Dash -Sirius-
0%
Streamer SkyGalaxya
0%
Geometry Dash Skyline pt II
0%
Geometry Dash Slam
0%
Geometry Dash Slaughterhouse
0%
Lethal Company Slime
0%
Lethal Company Snare Flea
0%
Streamer SofrexQc
0%
Geometry Dash Sonar
0%
Geometry Dash Sonic Wave
0%
R.E.P.O. Spewer
0%
Geometry Dash Spooky Light
0%
Lethal Company Spore Lizard
0%
Waifu Staline
0%
Streamer Stardam
0%
Jeu Star Stable
0%
Geometry Dash Stereo Madness
0%
Streamer Superplex25
0%
Streamer *Superplex25*
0%
Shikanoko Tanukikoji
0%
Geometry Dash Tartarus
0%
Streamer TensaZangetsu22
0%
Ref Terra Canard
0%
Musique Tetoris
0%
Geometry Dash The Challenge
0%
Geometry Dash The Cursed Thorn
0%
Geometry Dash The Golden
0%
Geometry Dash The Nightmare
0%
Geometry Dash Theory of Everything
0%
Geometry Dash The Seven Seas
0%
Geometry Dash The Tower
0%
Geometry Dash The Yandere
0%
Harem de Courgette Thomas Mii
0%
Geometry Dash Tidal Wave
0%
Geometry Dash Time Machine
0%
Ref Tour d'Eke
0%
Streamer TrefleeFL
0%
Niveau Trials of Death
0%
Niveau Trials of Jank
0%
Niveau Trimming the Herbs
0%
Streamer TrolicBwt
0%
Geometry Dash Trollmachine
0%
R.E.P.O. Trudge
0%
Geometry Dash Ultra Violence
0%
Geometry Dash Upscope
0%
R.E.P.O. Upscream
0%
Geometry Dash Vault
0%
Geometry Dash Vault of Secrets
0%
Niveau Verdant Double
0%
Streamer Vickyyyyy
0%
Geometry Dash Viking Arena
0%
Waifu Waifu
0%
Geometry Dash Wannacry
0%
Geometry Dash What
0%
Geometry Dash White Space
0%
Geometry Dash Windy Landscape
0%
Ref Winnie
0%
Ref Winnie dans Frigo
0%
Geometry Dash Wrath
0%
Geometry Dash XO
0%
Geometry Dash Xstep
0%
Geometry Dash Yatagarasu
0%
Streamer YouroTV
0%
Streamer *YouroTV*
0%
Streamer ZekethsM
0%
Geometry Dash Zodiac
0%
Aucun quiz correspondant
Distribution des résultats
% des personnes avec chaque résultat
Percentile par nombre de réponses
Votre historique - résultats
Vous n’avez pas pris ce quiz